| 000 | 00000nam 22000008a 4500 |
| 001 | 9.834754 |
| 003 | CaOODSP |
| 005 | 20221107150515 |
| 007 | cr ||||||||||| |
| 008 | 170404s2017 quc o f00| 0 fre d |
| 020 | |a978-0-660-08194-6 |
| 040 | |aCaOODSP|bfre |
| 043 | |an-cn--- |
| 086 | 1 |aCW66-552/2017F-PDF |
| 245 | 00|aSurveillance des carcajous |h[ressource électronique] : |binitiative non-invasive et communautaire. |
| 260 | |a[Gatineau, Québec] : |bEnvironnement et Changement climatique Canada, |c[2017]. |
| 300 | |a[1] p. |
| 500 | |aPubl. aussi en anglais sous le titre : Monitoring wolverines: noninvasive and community-based initiative. |
| 500 | |aTitre de départ. |
| 500 | |a« Fonds autochtone pour les espèces en péril - Volet sur la prévention. » |
| 692 | 07|2gccst|aEndangered species |
| 710 | 2 |aService canadien de la faune. |
| 775 | 08|tMonitoring wolverines |w(CaOODSP)9.834752 |
| 856 | 40|qPDF|s327 KB|uhttps://publications.gc.ca/collections/collection_2017/eccc/CW66-552-2017-fra.pdf |